| 000 | 00690nam a2200217 a 4500 | ||
|---|---|---|---|
| 005 | 20240911064248.0 | ||
| 008 | 991125s1997 es 000 0 spa u | ||
| 020 | _a8449303206 | ||
| 035 | _aUPN01000003922 | ||
| 049 | _aCG | ||
| 050 | 4 |
_aQ223 _bL4.28 |
|
| 100 | 1 | _aLemke, Jay L. | |
| 245 | 1 | 0 |
_aAprender a hablar ciencia : _blenguaje, aprendizaje y valores / _cJay L. Lemke ; tr. de Ana García. |
| 260 |
_aBarcelona, Esp. : _bPaidós, _c1997. |
||
| 300 | _a273 p. | ||
| 440 | 0 |
_aTemas de educación ; _v42 |
|
| 650 | 4 |
_aCiencia _xEstudio y enseñanza _96354 |
|
| 650 | 7 |
_aComunicación en la ciencia _2 _98117 |
|
| 650 | 4 |
_aLenguaje y lenguas _xEstudio y enseñanza _96150 |
|
| 905 | _aLibro | ||
| 999 |
_c3922 _d3922 |
||